The Continuing world economic crisis. Part I

Guardat en:
Dades bibliogràfiques
Autor corporatiu: United Nations
Format: Text
Publicat: s.l.: United Nations Publications
Etiquetes: Afegir etiqueta
Sense etiquetes, Sigues el primer a etiquetar aquest registre!

MARC

LEADER 00000 a a2200000 04500
001 22302
003
040
090 |a 151500  
110 |a United Nations  
245 |a The Continuing world economic crisis. Part I  
260 |a s.l.:   |b United Nations Publications  
300 |a 104 p.  
999 |c 12994  |d 12994